| 000 | 00509pab a2200181 454500 | ||
|---|---|---|---|
| 008 | 180718b2011 xxu||||| |||| 00| 0 eng d | ||
| 100 | _aTaras, Vas | ||
| 245 | _aThree decades of research on national culture in the workplace: Do the differences still make a difference? | ||
| 260 | _c2011 | ||
| 300 | _ap.189-198. | ||
| 362 | _aJul-Sep | ||
| 650 | _aNational cultures | ||
| 700 | _aKirkman, Bradley L. | ||
| 700 | _aSteel, Piers | ||
| 773 | _aOrganizational Dynamics | ||
| 908 | _aN | ||
| 909 | _a93017 | ||
| 999 |
_c93017 _d93017 |
||